000 00804nam a22002297a 4500
999 _c14381
_d14381
003 AR-CdUCM
008 190423b ||||| |||| 00| 0 spa d
020 _a978-607-618-077
040 _aMUNICIPALIDAD PROVINCIAL DEL CUSCO
_cBIBLIOTECA MUNICIPAL DEL CUSCO
082 _aPI / 803 /
_bI36
110 _aIgloo Books
_933126
245 _aLa historia de navidad /
260 _aMexico :
_bAdvanced marketing,
_c2013.
300 _a6 paginas ;
_bIlustraciones,
_c26 cm.
500 _aTitulo original :The christmas story. Nota : cuenta con 8 sonidos mágicos
650 _aCuentos de navidad
_933127
650 _aNacimiento de cristo
_933128
650 _aCuentos para niños
_933104
700 _aBronstein Melchenker, Miriam (Traducción)
_933129
942 _2ddc
_cLIBROS
945 _awnts
_d2019-04-23